Sľubná cesta chémie: interdisciplinárna spolupráca

Bibliographic Details
Main Authors: Ungerová, M. (Author), Ungerová, Miroslava (Author)
Format: Article
Language:Slovak
Subjects:

MARC

LEADER 00000nab a2200000 a 4500
001 vtls000358349
003 SK-MaSNL
005 20260302223643.0
008 111201c1989 xo 0 slo
015 |a SNBRB19rr/mm-uuuuu 
035 |a CL0358471 
040 |a SNKBUCL  |b slo  |c SNKBUCL  |e AACR2 
041 0 |a slo 
044 |a xo  |c SK 
080 |a 66:339.9  |2 1981 
080 |a 339.9  |2 1981 
100 1 |a Ungerová, M.  |4 aut  |9 953639 
245 1 0 |a Sľubná cesta chémie: interdisciplinárna spolupráca  |c M. Ungerová ; Miroslava Ungerová 
650 0 7 |a chémia  |2 snkbucl  |9 749 
650 0 7 |a spolupráca interdisciplinárna  |2 snkbucl  |9 953640 
655 7 |a články z novín a časopisov  |2 snkbucl  |9 267496 
700 1 |a Ungerová, Miroslava  |4 aut  |9 5517 
773 0 |t Technické noviny  |g Roč. 37, č. 25 (1989), s. 1 a 7 
850 |a Slovenská národná knižnica v Martine  |a MTA001 
852 |a SNK  |b KIS3GCP 
958 |a RK 
992 |a RBX 
999 |c 1521272  |d 1523202